[Event "URS-YUG"]
[Site "Odessa"]
[Date "1975.??.??"]
[Round "1"]
[White "Suetin, Alexey"]
[Black "Velimirovic, Dragoljub"]
[Result "1-0"]
[WhiteElo "2520"]
[BlackElo "2525"]
[PlyCount "109"]
[EventDate "1975.??.??"]
[EventType "team"]
[EventRounds "6"]
[EventCountry "URS"]
[Source "ChessBase"]
[SourceDate "1999.07.01"]
[WhiteTeamCountry "YUG"]
[BlackTeamCountry "FIN"]

1. d4 Nf6 2. c4 c5 3. d5 g6 4. Nc3 Bg7 5. e4 d6 6. f4 O-O 7. Nf3 e6 8. dxe6
Bxe6 9. Bd3 a6 10. f5 Bd7 11. O-O Bc6 12. Bg5 Nbd7 13. Qd2 b5 14. Rae1 Qb6 15.
b3 Rae8 16. Nd5 Bxd5 17. exd5 Ng4 18. h3 Nge5 19. Nxe5 Bxe5 20. Bh6 bxc4 21.
Bxc4 Bg7 22. Bxg7 Kxg7 23. f6+ Nxf6 24. Qc3 Qd8 25. Bxa6 Rxe1 26. Rxe1 Kg8 27.
Bc4 Nd7 28. a4 Ne5 29. a5 Qc7 30. Ra1 Ra8 31. a6 Ra7 32. Be2 Qb6 33. Kh1 Kg7
34. Ra4 h5 35. Qe3 Qb8 36. b4 cxb4 37. Qb3 Rc7 38. Qxb4 Rc1+ 39. Kh2 Qa7 40.
Qd4 Qxd4 41. Rxd4 Ra1 42. Bb5 Kf6 43. Ra4 Rxa4 44. Bxa4 Nc4 45. a7 Nb6 46. h4
Ke5 47. Bc6 f6 48. Kg3 g5 49. hxg5 fxg5 50. a8=Q Nxa8 51. Bxa8 Ke4 52. Bc6 Ke5
53. Be8 h4+ 54. Kg4 Kxd5 55. Bd7 1-0

[Event "URS-YUG"]
[Site "Odessa"]
[Date "1975.??.??"]
[Round "2"]
[White "Velimirovic, Dragoljub"]
[Black "Romanishin, Oleg"]
[Result "1-0"]
[WhiteElo "2525"]
[BlackElo "2485"]
[PlyCount "54"]
[EventDate "1975.??.??"]
[EventType "team"]
[EventRounds "6"]
[EventCountry "URS"]
[Source "ChessBase"]
[SourceDate "1999.07.01"]
[WhiteTeamCountry "YUG"]
[BlackTeamCountry "FIN"]

1. e4 e5 2. Nf3 Nc6 3. d4 exd4 4. c3 dxc3 5. Bc4 c2 6. Qxc2 Bb4+ 7. Nc3 d6 8.
O-O Bxc3 9. bxc3 Nf6 10. Ba3 O-O 11. e5 Nxe5 12. Nxe5 dxe5 13. Rad1 Bd7 14.
Rfe1 Qe8 15. Bxf8 Kxf8 16. Qe2 e4 17. Qe3 Qe5 18. Bb3 Bc6 19. Rd2 g5 20. f3 Kg7
21. Rf2 Ne8 22. f4 gxf4 23. Rxf4 Nd6 24. Ref1 f5 25. Rxf5 Nxf5 26. Qg5+ Kh8 27.
Rxf5 Qxc3 1-0

[Event "URS-YUG"]
[Site "Odessa"]
[Date "1975.??.??"]
[Round "3"]
[White "Velimirovic, Dragoljub"]
[Black "Kholmov, Ratmir"]
[Result "1-0"]
[WhiteElo "2525"]
[BlackElo "2540"]
[PlyCount "83"]
[EventDate "1975.??.??"]
[EventType "team"]
[EventRounds "6"]
[EventCountry "URS"]
[Source "ChessBase"]
[SourceDate "1999.07.01"]
[WhiteTeamCountry "YUG"]
[BlackTeamCountry "FIN"]

1. e4 e6 2. d4 d5 3. e5 c5 4. Nf3 cxd4 5. Qxd4 Nc6 6. Qf4 Qc7 7. Nc3 a6 8. Bd3
Nge7 9. O-O Ng6 10. Qg3 Ngxe5 11. Nxe5 Nxe5 12. Re1 f6 13. Nxd5 exd5 14. f4
Bc5+ 15. Kh1 Be6 16. fxe5 f5 17. Be3 O-O 18. Bxc5 Qxc5 19. Qf4 d4 20. a4 a5 21.
Rad1 h6 22. b3 Rad8 23. h4 Rf7 24. Rd2 Qe7 25. Kg1 b6 26. Qf2 Kh8 27. Bc4 Bxc4
28. bxc4 Qb4 29. Red1 Qxc4 30. Rxd4 Rxd4 31. Rxd4 Qe6 32. Rd8+ Kh7 33. Qd4 Rc7
34. Qd6 Rc6 35. Qb8 Kg6 36. Rd3 Kh5 37. Qb7 Rc4 38. Rd6 Qg8 39. Qf3+ Rg4 40.
Qxf5+ g5 41. Rxh6+ Kxh6 42. Qxg4 1-0

[Event "URS-YUG"]
[Site "Odessa"]
[Date "1975.??.??"]
[Round "4"]
[White "Tukmakov, Vladimir"]
[Black "Velimirovic, Dragoljub"]
[Result "0-1"]
[WhiteElo "2570"]
[BlackElo "2525"]
[PlyCount "89"]
[EventDate "1975.??.??"]
[EventType "team"]
[EventRounds "6"]
[EventCountry "URS"]
[Source "ChessBase"]
[SourceDate "1999.07.01"]
[WhiteTeamCountry "YUG"]
[BlackTeamCountry "FIN"]

1. Nf3 c5 2. c4 g6 3. d4 cxd4 4. Nxd4 Nc6 5. e4 Bg7 6. Be3 Nf6 7. Nc3 O-O 8.
Be2 d6 9. O-O Bd7 10. Rc1 Nxd4 11. Bxd4 Bc6 12. f3 Nd7 13. Kh1 Bxd4 14. Qxd4
Qb6 15. Qd2 Nc5 16. Rfe1 Rad8 17. Nd5 Bxd5 18. exd5 a5 19. Bf1 Rfe8 20. Re3 e5
21. dxe6 Rxe6 22. Rce1 Qb4 23. Qf2 Rde8 24. Rxe6 Rxe6 25. Rd1 Qa4 26. b3 Qb4
27. Kg1 a4 28. bxa4 Qxa4 29. Rd2 Qb4 30. Rb2 Qc3 31. Qd2 Qf6 32. Rb1 h5 33. Re1
Rxe1 34. Qxe1 Qe5 35. Qf2 Kf8 36. g3 h4 37. gxh4 Ne6 38. Qd2 Nd4 39. Kg2 Nf5
40. Qf2 Qf4 41. Kh3 Nxh4 42. Qg3 Qf6 43. f4 Nf5 44. Qe1 Qd4 45. Kg2 0-1

[Event "URS-YUG"]
[Site "Odessa"]
[Date "1975.??.??"]
[Round "5"]
[White "Velimirovic, Dragoljub"]
[Black "Kholmov, Ratmir"]
[Result "1-0"]
[WhiteElo "2525"]
[BlackElo "2540"]
[PlyCount "69"]
[EventDate "1975.??.??"]
[EventType "team"]
[EventRounds "6"]
[EventCountry "URS"]
[Source "ChessBase"]
[SourceDate "1999.07.01"]
[WhiteTeamCountry "YUG"]
[BlackTeamCountry "FIN"]

1. e4 e6 2. d4 d5 3. e5 c5 4. dxc5 Nc6 5. Nf3 Bxc5 6. Bf4 Nge7 7. Bd3 Ng6 8.
Bg3 O-O 9. O-O f5 10. exf6 Qxf6 11. c4 Qxb2 12. Bxg6 hxg6 13. cxd5 Qxa1 14.
dxc6 Qxa2 15. Ne5 Qd5 16. Qc2 Bd4 17. Nxg6 Re8 18. Rd1 Qf5 19. Qb3 Qxg6 20.
Rxd4 bxc6 21. h3 Qf5 22. Nd2 c5 23. Rg4 Re7 24. Bd6 Rf7 25. Qg3 Bb7 26. Be5 Qh7
27. Nc4 Bd5 28. Nd6 Rd7 29. f4 c4 30. Kh2 Rb8 31. f5 Rb3 32. Qf4 Bxg2 33. h4
Bh3 34. Qxc4 Bxg4 35. Qc8+ 1-0

[Event "URS-YUG"]
[Site "Odessa"]
[Date "1975.??.??"]
[Round "6"]
[White "Alburt, Lev"]
[Black "Velimirovic, Dragoljub"]
[Result "1/2-1/2"]
[WhiteElo "2420"]
[BlackElo "2525"]
[PlyCount "34"]
[EventDate "1975.??.??"]
[EventType "team"]
[EventRounds "6"]
[EventCountry "URS"]
[Source "ChessBase"]
[SourceDate "1999.07.01"]
[WhiteTeamCountry "YUG"]
[BlackTeamCountry "FIN"]

1. d4 Nf6 2. c4 c5 3. e3 g6 4. Nc3 Bg7 5. Nf3 cxd4 6. Nxd4 O-O 7. Be2 Nc6 8.
O-O d6 9. Re1 Bd7 10. b3 a6 11. Bb2 Rb8 12. Nd5 Nxd5 13. cxd5 Nb4 14. Bf3 Rc8
15. Re2 a5 16. a3 Na6 17. Rc1 Qb6 1/2-1/2

[Event "Portoroz/Ljubljana"]
[Site "Ljubljana"]
[Date "1975.06.10"]
[Round "8"]
[White "Barle, Janez"]
[Black "Velimirovic, Dragoljub"]
[Result "1-0"]
[WhiteElo "2330"]
[BlackElo "2525"]
[PlyCount "107"]
[EventDate "1975.06.02"]
[EventType "tourn"]
[EventRounds "15"]
[EventCountry "YUG"]
[EventCategory "10"]
[Source "ChessBase"]
[SourceDate "1999.07.01"]
[WhiteTeamCountry "YUG"]
[BlackTeamCountry "FIN"]

1. Nf3 c5 2. b3 Nc6 3. Bb2 d6 4. e3 e5 5. d3 g6 6. c4 Bg7 7. Nc3 Nge7 8. Be2
O-O 9. O-O f5 10. a3 h6 11. Nd5 e4 12. Bxg7 exf3 13. Bxh6 fxe2 14. Qxe2 Rf7 15.
Bg5 Qf8 16. Nc7 Rb8 17. Nb5 f4 18. Nxd6 f3 19. Qb2 Rf5 20. Nxf5 Qxf5 21. Bf4
Ra8 22. Bg3 Qxd3 23. Rfd1 Qe4 24. b4 Bg4 25. h3 Bh5 26. b5 Na5 27. Qf6 Nxc4 28.
Rd7 Re8 29. Bh4 fxg2 30. Rxe7 Rxe7 31. Qxe7 Bf3 32. Qd8+ Kf7 33. Qd7+ Kf8 34.
Qc8+ Kf7 35. Qc7+ Ke8 36. Qd8+ Kf7 37. Qd7+ Kf8 38. Bf6 Nb6 39. Qg7+ Ke8 40.
Qg8+ Kd7 41. Qf7+ Kd6 42. Be7+ Qxe7 43. Qxf3 c4 44. Qf4+ Kc5 45. Rb1 Qd6 46.
Qg5+ Qd5 47. Qe7+ Qd6 48. Qxb7 c3 49. Rc1 Na4 50. Qxa7+ Kxb5 51. Qb7+ Ka5 52.
Qb3 Qc5 53. e4 g5 54. e5 1-0

[Event "Majdanpek"]
[Site "Majdanpek"]
[Date "1976.??.??"]
[Round "2"]
[White "Ivkov, Borislav"]
[Black "Velimirovic, Dragoljub"]
[Result "1/2-1/2"]
[WhiteElo "2520"]
[BlackElo "2525"]
[PlyCount "35"]
[EventDate "1976.01.??"]
[EventType "tourn"]
[EventRounds "13"]
[EventCountry "YUG"]
[EventCategory "9"]
[Source "ChessBase"]
[SourceDate "1999.07.01"]
[WhiteTeamCountry "YUG"]
[BlackTeamCountry "FIN"]

1. e4 c5 2. Nf3 Nc6 3. d4 cxd4 4. Nxd4 g6 5. c4 Bg7 6. Be3 Nf6 7. Nc3 O-O 8.
Be2 d6 9. O-O Nxd4 10. Bxd4 Bd7 11. Re1 Bc6 12. Qd3 a5 13. Bf1 Nd7 14. Bxg7
Kxg7 15. Qd4+ Kg8 16. b3 Qb6 17. Qxb6 Nxb6 18. Rac1 1/2-1/2

[Event "Majdanpek"]
[Site "Majdanpek"]
[Date "1976.??.??"]
[Round "3"]
[White "Velimirovic, Dragoljub"]
[Black "Matulovic, Milan"]
[Result "0-1"]
[WhiteElo "2525"]
[BlackElo "2505"]
[PlyCount "72"]
[EventDate "1976.01.??"]
[EventType "tourn"]
[EventRounds "13"]
[EventCountry "YUG"]
[EventCategory "9"]
[Source "ChessBase"]
[SourceDate "1999.07.01"]
[WhiteTeamCountry "YUG"]
[BlackTeamCountry "FIN"]

1. e4 c5 2. Nf3 Nc6 3. d4 cxd4 4. Nxd4 Qc7 5. Nc3 e6 6. Be2 a6 7. O-O Nf6 8.
Kh1 Bb4 9. Nxc6 Qxc6 10. e5 Ne4 11. Nxe4 Qxe4 12. f4 Qc6 13. f5 exf5 14. Rxf5
O-O 15. Rf4 Be7 16. Rd4 f5 17. exf6 Bxf6 18. Rd6 Qc5 19. Qd3 Be5 20. Rd5 Qe7
21. Bd2 d6 22. Bb4 Bf5 23. Qd2 Rad8 24. Bf3 Qh4 25. Rxe5 dxe5 26. Bd5+ Rxd5 27.
Qxd5+ Rf7 28. Bc5 Qf6 29. c3 h6 30. a4 Kh7 31. Re1 e4 32. Bd4 Qg6 33. h3 Be6
34. Qe5 Rf5 35. Qxe4 Bd5 36. Qc2 Rf1+ 0-1

[Event "Majdanpek"]
[Site "Majdanpek"]
[Date "1976.??.??"]
[Round "5"]
[White "Velimirovic, Dragoljub"]
[Black "Pribyl, Josef"]
[Result "0-1"]
[WhiteElo "2525"]
[BlackElo "2435"]
[PlyCount "78"]
[EventDate "1976.01.??"]
[EventType "tourn"]
[EventRounds "13"]
[EventCountry "YUG"]
[EventCategory "9"]
[Source "ChessBase"]
[SourceDate "1999.07.01"]
[WhiteTeamCountry "YUG"]
[BlackTeamCountry "FIN"]

1. e4 c5 2. Nf3 Nf6 3. e5 Nd5 4. Nc3 e6 5. Nxd5 exd5 6. d4 Nc6 7. dxc5 Bxc5 8.
Qxd5 Qb6 9. Bc4 Bxf2+ 10. Ke2 O-O 11. Rf1 Bc5 12. c3 Ne7 13. Qe4 d5 14. exd6
Bf5 15. Qxe7 Qc6 16. Bxf7+ Kh8 17. Be3 Bxd6 18. Qg5 Rxf7 19. Kf2 Bd3 20. Rfd1
Be4 21. Kg1 Rf6 22. Rf1 Rg6 23. Qh5 Be7 24. Rf2 Rf8 25. Raf1 Rgf6 26. Bd4 Rf5
27. Qg4 Bf6 28. Bxf6 R5xf6 29. Nd4 Qd5 30. Ne6 Rg8 31. Ng5 Bd3 32. Re1 Rxf2 33.
Kxf2 Qxa2 34. Kg1 h6 35. Ne6 Qxb2 36. Qd4 Qb6 37. Nc5 Bf5 38. Re7 Qb1+ 39. Kf2
b6 0-1

[Event "Majdanpek"]
[Site "Majdanpek"]
[Date "1976.??.??"]
[Round "6"]
[White "Raicevic, Vladimir"]
[Black "Velimirovic, Dragoljub"]
[Result "1/2-1/2"]
[WhiteElo "2465"]
[BlackElo "2525"]
[PlyCount "118"]
[EventDate "1976.01.??"]
[EventType "tourn"]
[EventRounds "13"]
[EventCountry "YUG"]
[EventCategory "9"]
[Source "ChessBase"]
[SourceDate "1999.07.01"]
[WhiteTeamCountry "YUG"]
[BlackTeamCountry "FIN"]

1. c4 g6 2. g3 Bg7 3. Bg2 c5 4. Nc3 Nc6 5. a3 d6 6. Rb1 Bd7 7. d3 a6 8. e3 b5
9. cxb5 axb5 10. Nxb5 Rb8 11. a4 Nb4 12. Nc3 Bf5 13. e4 Be6 14. Kf1 Bc8 15. Bf3
e6 16. Kg2 Ne7 17. Be3 Nec6 18. Be2 O-O 19. Nf3 e5 20. Nd2 f5 21. f3 Nd4 22.
Nc4 Qd7 23. Bf2 Bb7 24. Rc1 Bc6 25. b3 Bh6 26. Rb1 Rf7 27. Rf1 Qe6 28. Rb2 Ba8
29. Kg1 Nbc6 30. Nd5 Rfb7 31. a5 Rxb3 32. Rxb3 Rxb3 33. a6 Rb8 34. Bxd4 Nxd4
35. Nc7 Qe7 36. a7 Rb4 37. Nxa8 Qxa7 38. Nab6 Rxb6 39. Nxb6 Qxb6 40. f4 exf4
41. Kh1 fxg3 42. hxg3 Qd8 43. Qe1 Qg5 44. Bd1 Bg7 45. exf5 Be5 46. fxg6 hxg6
47. Kh2 Kg7 48. Kh3 Nf5 49. Rf3 Qc1 50. Kh2 Bc3 51. Qe2 Bf6 52. Rxf5 gxf5 53.
Kh3 Be5 54. Qf3 Kf6 55. Bb3 Qh6+ 56. Kg2 Qd2+ 57. Kh3 Qh6+ 58. Kg2 Qg5 59. Kh3
Qc1 1/2-1/2

[Event "Majdanpek"]
[Site "Majdanpek"]
[Date "1976.??.??"]
[Round "7"]
[White "Velimirovic, Dragoljub"]
[Black "Honfi, Karoly"]
[Result "1-0"]
[WhiteElo "2525"]
[BlackElo "2460"]
[PlyCount "65"]
[EventDate "1976.01.??"]
[EventType "tourn"]
[EventRounds "13"]
[EventCountry "YUG"]
[EventCategory "9"]
[Source "ChessBase"]
[SourceDate "1999.07.01"]
[WhiteTeamCountry "YUG"]
[BlackTeamCountry "FIN"]

1. e4 c6 2. d4 d5 3. exd5 cxd5 4. c4 Nf6 5. Nc3 e6 6. Nf3 Be7 7. cxd5 Nxd5 8.
Bd3 Nc6 9. O-O O-O 10. Re1 Qd6 11. a3 Bd7 12. Qc2 Nxc3 13. Bxh7+ Kh8 14. bxc3
g6 15. Qd2 Qd5 16. Qh6 Qh5 17. Qxh5 gxh5 18. Be4 Rac8 19. Rb1 b6 20. Bb2 Na5
21. Ne5 Be8 22. Bd3 Rg8 23. c4 f6 24. Nf3 Nxc4 25. Bxc4 Rxc4 26. Rxe6 Bd8 27.
d5 Kg7 28. Nd4 Bf7 29. Rd6 Kg6 30. Nc6 Bxd5 31. Nxd8 Be4 32. Re1 Kh7 33. g3 1-0

[Event "Majdanpek"]
[Site "Majdanpek"]
[Date "1976.??.??"]
[Round "8"]
[White "Tarjan, James Edward"]
[Black "Velimirovic, Dragoljub"]
[Result "1/2-1/2"]
[WhiteElo "2490"]
[BlackElo "2525"]
[PlyCount "79"]
[EventDate "1976.01.??"]
[EventType "tourn"]
[EventRounds "13"]
[EventCountry "YUG"]
[EventCategory "9"]
[Source "ChessBase"]
[SourceDate "1999.07.01"]
[WhiteTeamCountry "YUG"]
[BlackTeamCountry "FIN"]

1. c4 c5 2. Nf3 g6 3. d4 cxd4 4. Nxd4 Bg7 5. e4 Nc6 6. Be3 Nf6 7. Nc3 d6 8. Be2
O-O 9. O-O Nxd4 10. Bxd4 Bd7 11. Qd2 Bc6 12. f3 a5 13. b3 Nd7 14. Be3 Nc5 15.
Rac1 Qb6 16. Nb5 f5 17. exf5 gxf5 18. f4 Rf6 19. Rce1 Kh8 20. Bf3 Bxb5 21. cxb5
Qxb5 22. Bf2 Ne4 23. Bxe4 fxe4 24. Rxe4 e5 25. Bh4 Qc5+ 26. Bf2 Qb5 27. Bh4
Qc5+ 28. Qf2 Rxf4 29. Rxf4 exf4 30. Qxc5 dxc5 31. Rxf4 Bd4+ 32. Kf1 b5 33. Bf2
Bxf2 34. Kxf2 a4 35. bxa4 b4 36. Rc4 Rxa4 37. Rxc5 Rxa2+ 38. Kf3 Rd2 39. Rb5
Rd4 40. Rb8+ 1/2-1/2

[Event "Majdanpek"]
[Site "Majdanpek"]
[Date "1976.??.??"]
[Round "9"]
[White "Velimirovic, Dragoljub"]
[Black "Janosevic, Dragoljub"]
[Result "1-0"]
[WhiteElo "2525"]
[BlackElo "2435"]
[PlyCount "82"]
[EventDate "1976.01.??"]
[EventType "tourn"]
[EventRounds "13"]
[EventCountry "YUG"]
[EventCategory "9"]
[Source "ChessBase"]
[SourceDate "1999.07.01"]
[WhiteTeamCountry "YUG"]
[BlackTeamCountry "FIN"]

1. e4 c5 2. Nf3 Nc6 3. d4 cxd4 4. Nxd4 Qc7 5. Nc3 e6 6. f4 a6 7. Nf3 d6 8. Bd3
Nf6 9. O-O Be7 10. Qe2 b5 11. Kh1 Bb7 12. Bd2 b4 13. Nd1 d5 14. e5 Ne4 15. Bxe4
dxe4 16. Qxe4 O-O 17. f5 Nd8 18. Qe1 exf5 19. Nd4 g6 20. Bxb4 Bxb4 21. Qxb4 Re8
22. Nf3 Qxc2 23. Ne3 Qe4 24. Qb3 Ne6 25. Rac1 Red8 26. Rfe1 Rac8 27. Rxc8 Rxc8
28. Nxf5 Qxf5 29. Qxb7 Rc2 30. h3 Qf4 31. Rf1 Qg3 32. Nh2 Nf4 33. e6 fxe6 34.
Qb8+ Kg7 35. Qb7+ Kh6 36. Ng4+ Kg5 37. Qe7+ Kf5 38. Qf6+ Ke4 39. Qe5+ Kd3 40.
Rd1+ Rd2 41. Qc3+ Ke4 1-0

[Event "Majdanpek"]
[Site "Majdanpek"]
[Date "1976.??.??"]
[Round "10"]
[White "Velimirovic, Dragoljub"]
[Black "Rajkovic, Dusan"]
[Result "1/2-1/2"]
[WhiteElo "2525"]
[BlackElo "2420"]
[PlyCount "122"]
[EventDate "1976.01.??"]
[EventType "tourn"]
[EventRounds "13"]
[EventCountry "YUG"]
[EventCategory "9"]
[Source "ChessBase"]
[SourceDate "1999.07.01"]
[WhiteTeamCountry "YUG"]
[BlackTeamCountry "FIN"]

1. e4 c5 2. Nf3 Nc6 3. d4 cxd4 4. Nxd4 Qc7 5. Nc3 e6 6. Be2 a6 7. f4 d6 8. Be3
Nf6 9. Qd2 Bd7 10. O-O-O Be7 11. g4 Nxd4 12. Qxd4 e5 13. Qd3 Bxg4 14. Bxg4 Nxg4
15. Nd5 Qc6 16. Rhg1 h5 17. h3 Nxe3 18. Qxe3 Rc8 19. Qd2 Bf6 20. f5 Qc4 21. Nc3
Rc6 22. Rg3 Kd7 23. Rd3 Kc8 24. b3 Qb4 25. Kb2 Kb8 26. a3 Qa5 27. Rd5 Qc7 28.
Na2 Be7 29. Rg1 Bf6 30. Qd1 Rc5 31. Nb4 Rc8 32. Rg2 a5 33. Rxc5 Qxc5 34. Nd5 h4
35. Qg1 Qd4+ 36. Qxd4 exd4 37. Nxf6 gxf6 38. Rg4 Rc3 39. Rxh4 Re3 40. Rh6 Rxe4
41. Rxf6 Rh4 42. Rxf7 Rxh3 43. f6 Rf3 44. a4 Ka7 45. Rf8 Kb6 46. f7 Ka7 47. Kc1
d5 48. Kd2 Kb6 49. Ke2 Rf6 50. Kd3 Rf4 51. Rd8 Rxf7 52. Rxd5 Ka6 53. Kxd4 b6
54. c3 Rf4+ 55. Kd3 Rh4 56. Rd4 Rh3+ 57. Kc4 Rh5 58. Re4 Rg5 59. Kd4 Rg1 60. b4
axb4 61. cxb4 Ra1 1/2-1/2

[Event "Majdanpek"]
[Site "Majdanpek"]
[Date "1976.??.??"]
[Round "11"]
[White "Padevsky, Nikola"]
[Black "Velimirovic, Dragoljub"]
[Result "1-0"]
[WhiteElo "2475"]
[BlackElo "2525"]
[PlyCount "57"]
[EventDate "1976.01.??"]
[EventType "tourn"]
[EventRounds "13"]
[EventCountry "YUG"]
[EventCategory "9"]
[Source "ChessBase"]
[SourceDate "1999.07.01"]
[WhiteTeamCountry "YUG"]
[BlackTeamCountry "FIN"]

1. e4 c5 2. Nf3 Nc6 3. Bb5 g6 4. O-O Bg7 5. Re1 e5 6. Bxc6 dxc6 7. d3 Ne7 8.
Be3 b6 9. Qc1 h6 10. a4 a5 11. Nbd2 Bg4 12. h3 Be6 13. Nc4 Qc7 14. b3 g5 15. c3
Rd8 16. Qc2 O-O 17. b4 f5 18. bxa5 b5 19. Ncd2 Qd6 20. exf5 Bxf5 21. Ne4 Qg6
22. Bxc5 Rf7 23. Bxe7 Rxe7 24. axb5 cxb5 25. Qb3+ Kh7 26. Qxb5 Rf8 27. Re3 Bd7
28. Qb4 Ref7 29. Qd6 1-0

[Event "Majdanpek"]
[Site "Majdanpek"]
[Date "1976.??.??"]
[Round "12"]
[White "Velimirovic, Dragoljub"]
[Black "Stevic, Zarko"]
[Result "1-0"]
[WhiteElo "2525"]
[BlackElo "2200"]
[PlyCount "41"]
[EventDate "1976.01.??"]
[EventType "tourn"]
[EventRounds "13"]
[EventCountry "YUG"]
[EventCategory "9"]
[Source "ChessBase"]
[SourceDate "1999.07.01"]
[WhiteTeamCountry "YUG"]
[BlackTeamCountry "FIN"]

1. e4 c5 2. Nf3 e6 3. c3 d5 4. e5 g6 5. d4 Bg7 6. dxc5 Nd7 7. Bf4 Qc7 8. c4
Nxe5 9. cxd5 Nxf3+ 10. Qxf3 Qxc5 11. Nc3 Bd7 12. dxe6 fxe6 13. Ne4 Qb4+ 14. Bd2
Qxb2 15. Rd1 Bc6 16. Nd6+ Kd7 17. Qf7+ Ne7 18. Nc4 Raf8 19. Qxg7 Qxg7 20. Bc3+
Bd5 21. Bxg7 1-0

[Event "Majdanpek"]
[Site "Majdanpek"]
[Date "1976.??.??"]
[Round "13"]
[White "Planinec, Albin"]
[Black "Velimirovic, Dragoljub"]
[Result "0-1"]
[WhiteElo "2485"]
[BlackElo "2525"]
[PlyCount "88"]
[EventDate "1976.01.??"]
[EventType "tourn"]
[EventRounds "13"]
[EventCountry "YUG"]
[EventCategory "9"]
[Source "ChessBase"]
[SourceDate "1999.07.01"]
[WhiteTeamCountry "YUG"]
[BlackTeamCountry "FIN"]

1. e4 c5 2. Nf3 d6 3. d4 cxd4 4. Nxd4 Nf6 5. Nc3 g6 6. Be3 Bg7 7. f3 Nc6 8. Qd2
O-O 9. Bc4 Bd7 10. h4 Qa5 11. O-O-O Rfc8 12. Bb3 Ne5 13. Kb1 b5 14. Ncxb5 Qxd2
15. Rxd2 Rab8 16. Nc3 Nc4 17. Bxc4 Rxc4 18. Nde2 Nxe4 19. fxe4 Rxc3 20. Bd4
Bxd4 21. Rxd4 Re3 22. Nf4 Kf8 23. Nd5 Rg3 24. Rd2 Rg4 25. Nc3 Bc6 26. Re2 Rb4
27. a3 Rd4 28. Rhe1 Rxh4 29. b4 Rg4 30. Kb2 h5 31. b5 Bd7 32. e5 d5 33. a4 Rc4
34. Nxd5 Rxa4 35. Nc3 Rab4+ 36. Ka3 Bxb5 37. Nxb5 Rxb5 38. e6 f5 39. Rd1 Kg7
40. Rd7 Kf6 41. Rxa7 Re4 42. Rd2 Rxe6 43. c4 Rb1 44. Ka2 Rb4 0-1

[Event "Skopje"]
[Site "Skopje"]
[Date "1976.??.??"]
[Round "1"]
[White "Velimirovic, Dragoljub"]
[Black "Uhlmann, Wolfgang"]
[Result "0-1"]
[WhiteElo "2525"]
[BlackElo "2555"]
[PlyCount "42"]
[EventDate "1976.03.??"]
[EventType "tourn"]
[EventRounds "15"]
[EventCountry "YUG"]
[EventCategory "10"]
[Source "ChessBase"]
[SourceDate "1999.07.01"]
[WhiteTeamCountry "YUG"]
[BlackTeamCountry "FIN"]

1. e4 e6 2. c4 d5 3. exd5 exd5 4. d4 Nf6 5. Nc3 Be7 6. Nf3 O-O 7. Be3 c6 8. Bd3
dxc4 9. Bxc4 Nbd7 10. O-O Nb6 11. Bb3 Nbd5 12. Ne5 Be6 13. Bg5 Re8 14. Re1 Qa5
15. Qf3 Rad8 16. Rad1 Bb4 17. Nxd5 Bxd5 18. Bxd5 Qxd5 19. Bxf6 gxf6 20. Qxf6
Rd6 21. Nd7 Bxe1 0-1

[Event "Skopje"]
[Site "Skopje"]
[Date "1976.??.??"]
[Round "3"]
[White "Velimirovic, Dragoljub"]
[Black "Adorjan, Andras"]
[Result "1/2-1/2"]
[WhiteElo "2525"]
[BlackElo "2510"]
[PlyCount "81"]
[EventDate "1976.03.??"]
[EventType "tourn"]
[EventRounds "15"]
[EventCountry "YUG"]
[EventCategory "10"]
[Source "ChessBase"]
[SourceDate "1999.07.01"]
[WhiteTeamCountry "YUG"]
[BlackTeamCountry "FIN"]

1. e4 d6 2. d4 Nf6 3. Nc3 g6 4. f4 Bg7 5. e5 Nfd7 6. Nf3 c5 7. dxc5 dxe5 8.
fxe5 Nxe5 9. Qxd8+ Kxd8 10. Nxe5 Bxe5 11. Ne4 f6 12. c3 Be6 13. Be3 Nc6 14. Nd2
Kc7 15. Nf3 Rad8 16. Bb5 a6 17. Ba4 Bd5 18. O-O Bxf3 19. Rxf3 f5 20. Re1 Bf6
21. Bxc6 Kxc6 22. Rf4 Be5 23. Rh4 Rd5 24. Bg5 Rxc5 25. Bxe7 Rd5 26. c4 Bd4+ 27.
Kf1 Rd7 28. Re6+ Kc7 29. c5 Bxb2 30. Bd6+ Kc8 31. Rb4 Bc3 32. Rb3 Ba5 33. c6
Rf7 34. Be5 Rd8 35. cxb7+ Rxb7 36. Rc6+ Kd7 37. Rxa6 Rxb3 38. axb3 Bb4 39. Bf4
Ke8 40. Rb6 Rd4 41. g3 1/2-1/2

[Event "Skopje"]
[Site "Skopje"]
[Date "1976.??.??"]
[Round "5"]
[White "Velimirovic, Dragoljub"]
[Black "Nicevski, Risto"]
[Result "1/2-1/2"]
[WhiteElo "2525"]
[BlackElo "2395"]
[PlyCount "117"]
[EventDate "1976.03.??"]
[EventType "tourn"]
[EventRounds "15"]
[EventCountry "YUG"]
[EventCategory "10"]
[Source "ChessBase"]
[SourceDate "1999.07.01"]
[WhiteTeamCountry "YUG"]
[BlackTeamCountry "FIN"]

1. e4 c6 2. d4 d5 3. exd5 cxd5 4. c4 Nf6 5. Nc3 Nc6 6. Bg5 Qa5 7. Nf3 Bg4 8.
Bxf6 exf6 9. h3 Be6 10. c5 Bxc5 11. dxc5 d4 12. Qa4 dxc3 13. Qxa5 Nxa5 14. b3
O-O-O 15. Bb5 Bxb3 16. axb3 Nxb3 17. Ra2 Rd5 18. O-O Rxc5 19. Bd3 Rd8 20. Bc2
Na5 21. Rc1 Kb8 22. Ra3 Rd6 23. Ne1 Nc6 24. Bd3 b5 25. Raxc3 Rxc3 26. Rxc3 b4
27. Rc5 Nd4 28. Bc4 Kb7 29. Nd3 Kb6 30. Rd5 Rxd5 31. Bxd5 a5 32. Bxf7 b3 33.
Be8 Nb5 34. Nb2 Kc5 35. Kf1 Nd6 36. Bd7 Kb4 37. Ke2 Ka3 38. Na4 b2 39. Nc3 Kb3
40. Kd3 Ne4 41. Be6+ Kb4 42. Nd5+ Ka3 43. Kc2 Ka2 44. Nc3+ Ka1 45. Nb1 Nxf2 46.
Bg8 h5 47. Bh7 a4 48. Kd2 g5 49. Ke3 Nh1 50. Kf3 h4 51. g4 Ng3 52. Bc2 Ka2 53.
Kf2 Ka1 54. Kf3 Ka2 55. Ke3 Ka1 56. Kf2 Ka2 57. Ke3 Ka1 58. Kd2 Nh1 59. Ke2
1/2-1/2

[Event "Skopje"]
[Site "Skopje"]
[Date "1976.??.??"]
[Round "6"]
[White "Velimirovic, Dragoljub"]
[Black "Kurajica, Bojan"]
[Result "1-0"]
[WhiteElo "2525"]
[BlackElo "2525"]
[PlyCount "81"]
[EventDate "1976.03.??"]
[EventType "tourn"]
[EventRounds "15"]
[EventCountry "YUG"]
[EventCategory "10"]
[Source "ChessBase"]
[SourceDate "1999.07.01"]
[WhiteTeamCountry "YUG"]
[BlackTeamCountry "FIN"]

1. e4 c5 2. Nf3 Nc6 3. d4 cxd4 4. Nxd4 Qc7 5. Nc3 a6 6. Be2 Nf6 7. O-O e6 8.
Kh1 Be7 9. f4 d6 10. b3 Bd7 11. Bb2 b5 12. Bf3 O-O 13. a3 Rac8 14. Nde2 b4 15.
axb4 Nxb4 16. e5 Ne8 17. Ne4 d5 18. N4c3 f6 19. Qd2 Kh8 20. Rad1 Qb8 21. Ba3 f5
22. Bb2 Bc5 23. Na4 Be7 24. Rc1 Nc7 25. Bd4 Na8 26. Bf2 a5 27. Nd4 Na2 28. Ra1
Bb4 29. Qe3 Nc3 30. Be1 Nxa4 31. bxa4 Bxe1 32. Rfxe1 Rc4 33. Be2 Rb4 34. Bb5
Bxb5 35. axb5 Qc7 36. Qa3 g6 37. c3 Rc4 38. Qxa5 Re8 39. Re3 Qb8 40. Qa7 Rcc8
41. Nc6 1-0